<?xml version="1.0" encoding="UTF-8"?>
<marc:record xmlns:marc="http://www.loc.gov/MARC21/slim">
   <marc:leader>00000nam a2200000 a 4500</marc:leader>
   <marc:datafield ind1="1" ind2=" " tag="100">
      <marc:subfield code="a">Hein, Jakob</marc:subfield>
      <marc:subfield code="4">aut</marc:subfield>
      <marc:subfield code="e">Verfasser/-in</marc:subfield>
   </marc:datafield>
   <marc:datafield ind1=" " ind2=" " tag="653">
      <marc:subfield code="a">Psychiater</marc:subfield>
   </marc:datafield>
   <marc:datafield ind1=" " ind2=" " tag="653">
      <marc:subfield code="a">Burn-out</marc:subfield>
   </marc:datafield>
   <marc:datafield ind1=" " ind2=" " tag="653">
      <marc:subfield code="a">Therapie</marc:subfield>
   </marc:datafield>
   <marc:datafield ind1=" " ind2=" " tag="653">
      <marc:subfield code="a">Jakob Hein</marc:subfield>
   </marc:datafield>
   <marc:datafield ind1=" " ind2=" " tag="653">
      <marc:subfield code="a">Psychiatrie</marc:subfield>
   </marc:datafield>
   <marc:datafield ind1=" " ind2=" " tag="653">
      <marc:subfield code="a">Psychotherapie</marc:subfield>
   </marc:datafield>
   <marc:datafield ind1=" " ind2=" " tag="653">
      <marc:subfield code="a">Hypochonder</marc:subfield>
   </marc:datafield>
   <marc:datafield ind1=" " ind2=" " tag="653">
      <marc:subfield code="a">Therapeut</marc:subfield>
   </marc:datafield>
   <marc:datafield ind1=" " ind2=" " tag="653">
      <marc:subfield code="a">Psychoanalyse</marc:subfield>
   </marc:datafield>
   <marc:datafield ind1=" " ind2=" " tag="653">
      <marc:subfield code="a">Softcover / Sachbücher/Politik</marc:subfield>
   </marc:datafield>
   <marc:datafield ind1=" " ind2=" " tag="653">
      <marc:subfield code="a">Gesellschaft</marc:subfield>
   </marc:datafield>
   <marc:datafield ind1=" " ind2=" " tag="653">
      <marc:subfield code="a">Wirtschaft</marc:subfield>
   </marc:datafield>
   <marc:datafield ind1="0" ind2="0" tag="245">
      <marc:subfield code="a">Hypochonder leben länger und andere gute Nachrichten aus meiner psychiatrischen Praxis</marc:subfield>
   </marc:datafield>
   <marc:datafield ind1="0" ind2="0" tag="245">
      <marc:subfield code="c">Jakob Hein</marc:subfield>
   </marc:datafield>
   <marc:datafield ind1=" " ind2="1" tag="264">
      <marc:subfield code="a">Köln</marc:subfield>
      <marc:subfield code="b">Galiani Berlin</marc:subfield>
   </marc:datafield>
   <marc:datafield ind1="1" ind2=" " tag="520">
      <marc:subfield code="a">Angaben aus der Verlagsmeldung

Hypochonder leben länger : und andere gute Nachrichten aus meiner psychiatrischen Praxis Hein, Hypochonder leben länger / von Jakob Hein

Als Psychiater bist du nicht für Antworten zuständig, sondern für Fragen.

Der Schriftsteller Jakob Hein arbeitet seit mehr als zwanzig Jahren als Psychiater. Und er liebt seinen medizinischen Beruf mindestens genauso sehr wie das Verfassen von Romanen. Kein Wunder, denn auf beiden Gebieten kann er das, was ihn am meisten ausmacht, umsetzen: seine liebe- und humorvolle Zugewandtheit dem Menschen gegenüber.

In seinem Buch nimmt Jakob Hein die Leser mit auf eine Reise durch seinen Alltag als Psychiater. Er erzählt von seinen Erfahrungen im Umgang mit bestimmten Themen, und dabei auch von seiner Skepsis gegenüber einengenden Diagnosen und der Geste des Experten. Er erzählt von hilfreichen Gesprächen, Placebos und Medikamenten. Vor allem aber macht er begreifbar, dass jeder Mensch den Code zum Schatz seines Lebens in sich trägt und es immer aufs Neue darum geht, diesen zu entschlüsseln. Und dass die allermeisten Weisheiten zum Menschen stimmen. Oder auch nicht. Denn: Hypochonder leben länger!
</marc:subfield>
   </marc:datafield>
   <marc:datafield ind1=" " ind2=" " tag="020">
      <marc:subfield code="a">9783869712727</marc:subfield>
      <marc:subfield code="9">9783869712727</marc:subfield>
   </marc:datafield>
   <marc:datafield ind1=" " ind2=" " tag="020">
      <marc:subfield code="a">3869712724</marc:subfield>
      <marc:subfield code="9">3869712724</marc:subfield>
   </marc:datafield>
   <marc:datafield ind1=" " ind2=" " tag="041">
      <marc:subfield code="a">ger</marc:subfield>
   </marc:datafield>
   <marc:datafield ind1=" " ind2=" " tag="300">
      <marc:subfield code="a">233 Seiten</marc:subfield>
   </marc:datafield>
</marc:record>
